Most Visited Countries by JetPunkers with Exceptions - Statistics

General Stats
  • This quiz has been taken 73 times
  • The average score is 18 of 24
Answer Stats
Country % % Correct
Mexico 25.1
95%
Canada 41.2
94%
China 16.8
94%
Japan 14.7
94%
Brazil 6.8
92%
Australia 12.2
89%
Egypt 6.5
84%
India 10.4
84%
New Zealand 10.4
84%
Argentina 6.1
81%
South Korea 8.6
81%
Thailand 14.3
81%
South Africa 6.1
80%
Turkey 19.0
75%
Vietnam 7.5
72%
Malaysia 9.7
67%
Israel 8.6
66%
Singapore 11.1
66%
United Arab Emirates 10.0
66%
Cuba 6.5
64%
Morocco 9.3
64%
Bahamas 8.2
52%
Cambodia 8.2
52%
Tunisia 6.5
50%
No matching quizzes found
Score Distribution
Percent of People with Each Score
Percentile by Number Answered
Your Score History
You have not taken this quiz